| 000 | 01566nam a2200337 a 4500 | ||
|---|---|---|---|
| 001 | ebr10747441 | ||
| 003 | CaPaEBR | ||
| 006 | m o u | ||
| 007 | cr cn||||||||| | ||
| 008 | 130227s2014 njuad sb 001 0 eng d | ||
| 010 | _z 2013006409 | ||
| 020 | _z9781405189323 (hardback : alk. paper) | ||
| 020 | _z9781405189316 (pbk. : alk. paper) | ||
| 020 | _z9781118241004 (e-book) | ||
| 040 |
_aCaPaEBR _cCaPaEBR |
||
| 035 | _a(OCoLC)859159646 | ||
| 050 | 1 | 4 |
_aGF43 _b.M67 2014eb |
| 082 | 0 | 4 |
_a304.2 _223 |
| 245 | 0 | 3 |
_aAn introduction to human-environment geography _h[electronic resource] : _blocal dynamics and global processes / _cWilliam G. Moseley ... [et al.]. |
| 260 |
_aHoboken, N.J. : _bWiley-Blackwell, _c2014. |
||
| 300 |
_axii, 404 p. : _bill. (some col.) |
||
| 504 | _aIncludes bibliographical references and index. | ||
| 505 | 0 | _apt. I. Fundamentals of human-environment geography -- pt. II. Contemporary perspectives in human-environment geography -- pt. III. Thematic issues in human-environment geography -- pt. IV. Bridging theory and practice. | |
| 533 |
_aElectronic reproduction. _bPalo Alto, Calif. : _cebrary, _d2013. _nAvailable via World Wide Web. _nAccess may be limited to ebrary affiliated libraries. |
||
| 650 | 0 |
_aHuman ecology _vTextbooks. |
|
| 650 | 0 |
_aHuman geography _vTextbooks. |
|
| 655 | 7 |
_aElectronic books. _2local |
|
| 700 | 1 | _aMoseley, William G. | |
| 710 | 2 | _aebrary, Inc. | |
| 856 | 4 | 0 |
_uhttp://site.ebrary.com/lib/rucke/Doc?id=10747441 _zAn electronic book accessible through the World Wide Web; click to view |
| 999 |
_c34960 _d34960 |
||